00453nam a2200133Ia 45000010005000000080041000050820029000461000084000752450087001592600024002465900007002709010027002779990015003044596241024s9999 xx 000 0 und d aRD/370.97293/IN56in/2016 aRepública Dominicana. Instituto Dominicano por la Educación de Calidad IDEC 0aInforme de Sistematización. Iniciativa Dominicana por una educación de calidad bSanto Domingoc2016 asi a8/3/2017 11:36:37 a.m. c9141d9141